书目信息 |
| 题名: |
现代英语教学新发展的多维透视
|
|
| 作者: | 张春子 著 | |
| 分册: | ||
| 出版信息: | 长春 吉林大学出版社 2021.07 |
|
| 页数: | 101页 | |
| 开本: | 24cm | |
| 丛书名: | ||
| 单 册: | ||
| 中图分类: | H319.3 | |
| 科图分类: | ||
| 主题词: | 英语--ying yu--教学研究--高等学校 | |
| 电子资源: | ||
| ISBN: | 978-7-5692-7529-2 | |
| 000 | 00909nam0 2200229 450 | |
| 001 | 27497 | |
| 005 | 20220921150525.21 | |
| 010 | @a978-7-5692-7529-2@dCNY65.00 | |
| 100 | @a20210928d2021 em y0chiy50 ea | |
| 101 | 0 | @achi |
| 102 | @aCN@b220000 | |
| 105 | @ay a 000yy | |
| 200 | 1 | @a现代英语教学新发展的多维透视@Axian dai ying yu jiao xue xin fa zhan de duo wei tou shi@f张春子著 |
| 210 | @a长春@c吉林大学出版社@d2021.07 | |
| 215 | @a101页@d24cm | |
| 320 | @a有书目 (第98-101页) | |
| 330 | @a本书立足现代英语教学的相关理论, 并结合现代英语教学发展的新形势和新要求, 具体探讨了英语教学模式、自主学习以及教学评估等方面的新发展, 分析现代英语教学各个方面发生的新变化和出现的新问题, 并积极探索现代英语教学创新发展的途径。 | |
| 606 | 0 | @a英语@Aying yu@x教学研究@x高等学校 |
| 690 | @aH319.3@v5 | |
| 701 | 0 | @a张春子@Azhang chun zi@4著 |
| 801 | 0 | @aCN@c20220910 |
| 905 | @a河南城建学院图书馆@dH319.3@eZ080@f2 | |
| 现代英语教学新发展的多维透视/张春子著.-长春:吉林大学出版社,2021.07 |
| 101页;24cm |
| ISBN 978-7-5692-7529-2:CNY65.00 |
| 本书立足现代英语教学的相关理论, 并结合现代英语教学发展的新形势和新要求, 具体探讨了英语教学模式、自主学习以及教学评估等方面的新发展, 分析现代英语教学各个方面发生的新变化和出现的新问题, 并积极探索现代英语教学创新发展的途径。 |
| ● |
| 相关链接 |
|
|
|
正题名:现代英语教学新发展的多维透视
索取号:H319.3/Z080
 
预约/预借
| 序号 | 登录号 | 条形码 | 馆藏地/架位号 | 状态 | 备注 |
| 1 | 1579649 | 215796495 | 语言库209/209语言库 42排6列3层/ [索取号:H319.3/Z080] | 在馆 | |
| 2 | 1579650 | 215796501 | 语言库209/209语言库 42排6列3层/ [索取号:H319.3/Z080] | 在馆 |